000 00717nam a2200241Ia 4500
003 GCL
008 140319s9999 xx 000 0 ara d
040 _aGCL /
_cGCL
082 0 4 _a157.2
_bم و
100 1 _aمحمد عبدالظاهر الطيب
245 1 0 _aالوسواس القهرى : تشخيصه وعلاجه /
_cمحمد عبدالظاهر الطيب
260 _a[S.N] :
_bدار المعرفة الجامعية ،
_c1991
300 _a382 ص
490 _a
650 0 4 _aعلم النفس
650 0 4 _aالاحلام
650 0 4 _aالخوف
650 0 4 _aالامراض النفسية
650 0 4 _aالعصاب
650 0 4 _aالاسقاط
650 0 4 _aالجنون
942 _2ddc
_cBK
999 _c32500
_d32500